الغلاف الجوي : (Record no. 16672)
[ view plain ]
| 000 -الفاتح | |
|---|---|
| حقل البيانات ثابتة الطول | 01318nam a22003257i 4500 |
| 003 - محدد رقم الضبط | |
| رقم الضبط | EG-ScBUE |
| 005 - وقت وتاريخ اخر تعامل مع التسجيلة | |
| رقم الضبط | 20260405111304.0 |
| 008 - عناصر البيانات ثابتة الطول - معلومات عامة | |
| حقل البيانات ثابتة الطول | 120422s1992 ua a f 000 0 ara dd |
| 017 ## - رقم الإيداع القانونى | |
| رقم الإيداع القانونى | 1992 / 5849 |
| 020 ## - الرقم الدولى المعيارى للكتب | |
| الرقم الدولى المعيارى للكتاب | 9771300539 |
| 040 ## - مصدر الفهرسة | |
| وكالة الفهرسة الأصلية | EG-ScBUE |
| لغة الفهرسة | ara |
| قواعد الوصف | rda |
| وكالة النسخ | EG-ScBUE |
| وكالة التعديل | EG-ScBUE |
| 041 1# - رمز اللغة | |
| رمز لغة النص/ المسارات الصوتية أو العنوان الانفرادي | ara |
| رمز لغة الترجمات و/او الاصلية المتوسطة للنص | eng |
| 082 04 - رقم تصنيف ديوى العشرى | |
| رقم التصنيف | 551.51 |
| رقم المادة | ف ي ر |
| رقم الطبعة | 22 |
| 100 1# - المدخل الرئيسى - إسم شخصى | |
| 9 (RLIN) | 29677 |
| الإسم الشخصى | فيرور، جون، |
| الدور | مؤلف. |
| 240 14 - العنوان الموحد | |
| عنوان موحد | The changing atmosphere : a global challenge. |
| لغة العمل | English |
| 245 12 - بيان العنوان | |
| العنوان | الغلاف الجوي : |
| بقية العنوان | التحدي بين الطبيعة والبشر / |
| بيان المسئوليه,etc | جون فيرور ؛ ترجمة أ.د. أحمد مدحت إسلام. |
| 250 ## - بيان الطبعة | |
| بيان الطبعة | الطبعة الأولى. |
| 264 #1 - النشر، التوزيع | |
| مكان الناشر او الموزع | القاهرة : |
| اسم الناشر او الموزع | مركز الأهرام للترجمة والنشر، |
| تاريخ النشر أو التوزيع | 1992. |
| 300 ## - الوصف المادى | |
| التعداد | 198 صفحة : |
| تفاصيل ماديه اخرى للوعاء | إيضاحيات ؛ |
| أبعاد الوعاء | 16 سم |
| 336 ## - نوع المحتوى | |
| source | rdacontent |
| Carrier Type Term | نص |
| Content Type Code | txt |
| 337 ## - نوع الوسيط | |
| Media Type Term | بدون وسيط |
| source | rdamedia |
| Media Type Code | n |
| 338 ## - نوع الحامل أو الناقل | |
| Carrier Type Term | مجلد |
| Carrier Type Code | nc |
| source | rdacarrier |
| 541 ## - تبصرة المصدر المباشر للتزويد | |
| مصدر التزويد | Dr. Basem ; |
| طريقة التزويد | Donation ; |
| 546 ## - تبصرة اللغة | |
| تبصرة اللغة | النص باللغة الإنجليزية ؛ وقد تم ترجمته إلى العربية. |
| 650 #7 - المدخل الاضافى بالموضوع-مصطلح موضوعى | |
| 9 (RLIN) | 21319 |
| مصطلح موضوعي أو اسم جغرافي كعنصر مدخل | الغلاف الجوي. |
| مصدر الرأس أو المصطلح | BUEsh |
| 650 #7 - المدخل الاضافى بالموضوع-مصطلح موضوعى | |
| 9 (RLIN) | 21318 |
| مصطلح موضوعي أو اسم جغرافي كعنصر مدخل | الأوزون. |
| مصدر الرأس أو المصطلح | BUEsh |
| 655 ## - مصطلح تكشيفى-نوع/شكل | |
| التقسيم الفرعي الشكلي | Reading book |
| 700 1# - المدخل الاضافى - اسم شخصى | |
| الإسم الشخصى | إسلام، أحمد مدحت، |
| الدور | مترجم. |
| 942 ## - عناصر المدخل الإضافي( كوها) | |
| مصدر التصنيف او مخطط الترفيف | Dewey Decimal Classification |
| Koha [default] item type | Book - Borrowing |
| حالة التراجع | حالة الفقد | مصدر التصنيف او خطة الترفيف | حالة تلف | ليس للاعارة | مجموعات كوها | المكان الدائم | المكان الحالي | موقع الترفيف | تاريخ الاكتساب | Source of acquisition | رقم الاستدعاء | الباركود | Date last seen | مُعار | نوع الوعاء |
|---|---|---|---|---|---|---|---|---|---|---|---|---|---|---|---|
| Dewey Decimal Classification | Central Library | Central Library | First floor | 22/04/2012 | Donation | 551.51 ف ي ر | 000026667 | 15/07/2025 | 04/01/2021 | Book - Borrowing |